000 01424nam a2200325 i 4500
003 EG-GICUC
005 20260502134502.0
008 260502s1970 ua fr|||| 00| 0 ara d
040 _a EG-GICUC
_bara
_c EG-GICUC
_d EG-GICUC
_erda
041 _aara
082 0 4 _221
_a345.82227
_bم ح . ق
092 0 4 _221
099 _aLaw1 07 345.82227 م ح . ق 1970
100 0 _a محمد وجدي عبد الصمد
_eمؤلف.
245 1 0 _aقضاء الضرائب :
_bجميع التشريعات الضريبية معلقاً على نصوصها بأحكام المحاكم حتى يونية سنة 1970 /
_c محمد وجدي عبد الصمد ؛ جمع نصوص القوانين وفق آخر التعديلات ممدوح عبد الحفيظ.
264 1 _a القاهرة :
_bعالم الكتب،
_c1970.
300 _a703 ؛صفحة
_c24 سم
336 _2rda content
_atext
337 _2rda media
_aComputer
338 _2rda carrier
_aOnline Resource
504 _aيشتمل على إرجاعات ببليوجرافية.
546 _aالنص باللغة العربية
650 1 _aالقانون الإداري
_2qrmak
650 1 _aالاختصاص بمنازعات الضرائب والرسوم
651 1 _2qrmak
700 0 _a ممدوح عبد الحفيظ .
_eمجمع.
856 4 0 _uhttps://fll.law.cu.edu.eg/fulltext/bks/B07-05331.pdf
905 _a167
942 _2ddc
_cBK
_e21
_n0
999 _c74816
_d74816